عرض عادي
عرض مارك
- Occupational Therapy
مدخل مصطلح موضوعي
001 - رقم الضبط
- حقل الضبط: 38616
003 - معرف رقم الضبط
- حقل الضبط: OSt
005 - تاريخ ووقت أخر عملية
- حقل الضبط: 20131030154739.0
008 - عناصر بيانات ثابتة الطول
- حقل تحكم ثابت الطول: 131030|||a|||||| | ||| d
040 ## - مصدر الفهرسة
- هيئة الفهرسة الأصلية: OSt
- وكالة الكتابة: OSt
150 ## - مدخل-- مصطلح تاريخي
- عنصر مدخل المصطلح الموضوعي او الاسم الجغرافي: Occupational Therapy
- تفريع عام: psychology.
670 ## - بيانات المصدر موجوده
- الاستشهاد بالمصدر: Work cat.: (OSt)0: Occupational therapy interventions :, c2008.
